| 000 | 00758cam a22002531 4500 | ||
|---|---|---|---|
| 001 | 10572 | ||
| 003 | BD-RjUL | ||
| 005 | 20211208234958.0 | ||
| 008 | 140125s1930 enkabf 000 0 eng | ||
| 035 | _a(BD-RjUL)10620 | ||
| 035 | _a(OCoLC)519456 | ||
| 040 |
_aDLC _cOKentU _dOCoLC _dDLC _dBD-RjUL _beng |
||
| 041 | _aeng | ||
| 082 |
_a551.13 _bJOS 1930 |
||
| 100 | 1 |
_aJoly, John, _d1857-1933. _932680 |
|
| 245 | 0 | 4 |
_aThe surface-history of the earth / _cJohn Joly ... |
| 250 | _a2d ed. | ||
| 260 |
_aOxford : _bThe Clarendon Press, _c1930. |
||
| 300 |
_axxi, 211, [1] p. : _bfront., illus., plates, maps (1 fold.) diagrs. ; _c22 cm. |
||
| 651 | 0 |
_aEarth (Planet) _xSurface. _932681 |
|
| 942 |
_2ddc _cBK |
||
| 999 |
_c10572 _d10572 |
||